<?xml version="1.0" encoding="UTF-8"?>
<marc:record xmlns:marc="http://www.loc.gov/MARC21/slim">
   <marc:leader>00000nam a2200000 a 4500</marc:leader>
   <marc:datafield ind1="1" ind2=" " tag="100">
      <marc:subfield code="a">Finsterbusch, Monika</marc:subfield>
      <marc:subfield code="4">ctb</marc:subfield>
      <marc:subfield code="e">Mitwirkende/-r</marc:subfield>
   </marc:datafield>
   <marc:datafield ind1="1" ind2=" " tag="100">
      <marc:subfield code="a">Perlinger, Sissi</marc:subfield>
      <marc:subfield code="4">ctb</marc:subfield>
      <marc:subfield code="e">Mitwirkende/-r</marc:subfield>
   </marc:datafield>
   <marc:datafield ind1=" " ind2=" " tag="653">
      <marc:subfield code="a">CD</marc:subfield>
   </marc:datafield>
   <marc:datafield ind1="0" ind2="0" tag="245">
      <marc:subfield code="a">Prinzessin Lillifee und der kleine Delfin</marc:subfield>
   </marc:datafield>
   <marc:datafield ind1="0" ind2="0" tag="245">
      <marc:subfield code="c">Monika Finsterbusch. Gelesen und gesungen von Sissi Perlinger</marc:subfield>
   </marc:datafield>
   <marc:datafield ind1=" " ind2="1" tag="264">
      <marc:subfield code="a">Münster</marc:subfield>
      <marc:subfield code="b">Coppenrath</marc:subfield>
      <marc:subfield code="c">2008</marc:subfield>
   </marc:datafield>
   <marc:datafield ind1="1" ind2=" " tag="520">
      <marc:subfield code="a">Angaben aus der Verlagsmeldung

Prinzessin Lillifee und der kleine Delfin / von Monika Finsterbusch

Ein Ausflug ans Meer in einem Ballon, darauf haben sich Prinzessin Lillifee und ihre Freunde schon lange gefreut! Aber unterwegs bricht plötzlich ein gewaltiger Sturm los und sie können sich gerade noch auf eine kleine Insel retten. Doch der Ballon ist abgetrieben, Lillifees Zauberstab zerbrochen und der Zauberkristall fehlt! Wie sollen sie jemals wieder zurück nach Hause kommen? Da taucht ein kleiner Delfin auf und macht ihnen Mut. Und auf einmal hat Lillifee eine tolle Idee. Aber dann ist der kleine Delfin verschwunden und womöglich in großer Gefahr. Ob Lillifee ihm helfen kann?
Das sechste der bezaubernden Lillifee-Bilderbücher als Hörbuch mit Musik!
</marc:subfield>
   </marc:datafield>
   <marc:datafield ind1=" " ind2=" " tag="020">
      <marc:subfield code="a">9783815783832</marc:subfield>
      <marc:subfield code="9">9783815783832</marc:subfield>
   </marc:datafield>
   <marc:datafield ind1=" " ind2=" " tag="041">
      <marc:subfield code="a">ger</marc:subfield>
   </marc:datafield>
   <marc:datafield ind1=" " ind2=" " tag="300">
      <marc:subfield code="a">1 CD</marc:subfield>
   </marc:datafield>
</marc:record>
